000 00412nas a22001937i 4500
999 _c2775
_d2775
001 2807
003 OSt
005 20180810130725.0
007 tu
008 161220d19932000fr ||||| |||| 00| 0 d
024 7 _a2806
_2RID
040 _cOSt
110 2 _aOECD
_eEd.
245 _aOECD Working Papers
260 _aParis :
_bOECD,
_c1993-2000.
300 _bnicht kat.
362 _a1.1993 - 8.2000
942 _cSE